000 00852nmm a2200277 a 4500
001 ocm000940701
003 TR-IsHL
005 20201028145710.0
008 150110s2013 tu tur
007 cr cn
020 _a9786055315429
035 _a940701
_b(N$T)
050 0 4 _aPL248.A9394
_bK89 2013
090 0 4 _aPL248.A9394
_bK89 2013
100 1 _aAyaz, Eşref
245 1 0 _aKuzeyden geldiler
_h[electronic resource] /
_cEşref Ayaz
250 _a1.basım
260 _aİstanbul :
_bEvrensel Basım Yayın,
_c2013
300 _a481 p.
650 4 _aDil ve Edebiyat
650 4 _aLanguage and Literature
650 0 _aTürk romanı
650 0 _aTurkish fiction
650 7 _aLITERARY COLLECTIONS / Middle Eastern
_2bisacsh
856 4 0 _uhttp://search.ebscohost.com/login.aspx?direct=true&scope=site&db=e011xww&AN=940701
999 _c10086
_d10086